Cuestiones de enseñanza y de investigación en filosofía
Збережено в:
| Автор: | |
|---|---|
| Формат: | Книга |
| Мова: | Іспанська |
| Опубліковано: |
Mendoza
Facultad de Filosofía y Letras de la Universidad Nacional de Cuyo
1973
|
| Серія: | Colección de Estudios Filosóficos, 7
|
| Предмети: | |
| Теги: |
Додати тег
Немає тегів, Будьте першим, хто поставить тег для цього запису!
|
MARC
| LEADER | 00000nam a2200000 a 4500 | ||
|---|---|---|---|
| 001 | UCZ3940 | ||
| 003 | CL-VaPUC | ||
| 008 | 951027e19730000AG |||||||||||||||||spa|d | ||
| 082 | 0 | 4 | |a 107 |b NOU |2 21 |
| 100 | |a Noussan-Lettry, Luis |e autor |9 347792 | ||
| 245 | 1 | 0 | |a Cuestiones de enseñanza y de investigación en filosofía |
| 300 | |a 109 p | ||
| 942 | |c BK | ||
| 945 | |d 19951027 00:00:00 |a lriquelm | ||
| 260 | |a Mendoza |b Facultad de Filosofía y Letras de la Universidad Nacional de Cuyo |c 1973 | ||
| 650 | 0 | |a Filosofía |9 223554 | |
| 650 | 0 | |a Enseñanza |9 256457 | |
| 650 | 0 | |a Investigación educacional |9 261192 | |
| 650 | 0 | |a Formación profesional de profesores |9 307493 | |
| 650 | 0 | |a Universidades |9 256317 | |
| 651 | 0 | |a Alemania |9 255688 | |
| 651 | 0 | |a Argentina |9 254888 | |
| 583 | |a last modification |c 19951027 00:00:00 |k Rodrigo Vera | ||
| 490 | 0 | |a Colección de Estudios Filosóficos, 7 | |
| 999 | |c 240380 |d 240378 | ||
| 952 | |0 0 |1 0 |4 0 |6 107_000000000000000_NOU_1973 |7 0 |8 P |9 252229 |a BIBEDU |b BIBEDU |c BIBEDU_PB |d 2019-11-18 |i 1592564 |o 107 NOU 1973 |p 1592564 |r 2024-01-25 |w 2019-11-18 |y BK |k FIL | ||